LEADER 01595nam a2200325 i 4500 001 000000151098 003 CaOOAMICUS 005 20060704000000.0 008 060704s2006 it u000 u ita u 013 $a128436 020 $a88-6030-009-6 040 $aSeMil$bita 100 1 $aBateson, Gregory <1904-1980>.$0(OLS)http://semarc/name/23105 240 14$aThe position of humor in human communication.$0(OLS)http://semarc/title/220865 245 12$aL'umorismo nella comunicazione umana /$cGregory Bateson ; con contributi di Paolo Bertrando, Rocco De Biasi, Marina Mizzau, Fabio Polidori, Davide Zoletto ; a cura di Pier Aldo Rovatti e Davide Zoletto. 260 $aMilano :$bRaffaello Cortina,$c2006. 300 $aXI, 182 p. ;$c20 cm. 650 4$aUmorismo.$0(OLS)http://semarc/subject/12385 700 1 $aBertrando, Paolo.$0(OLS)http://semarc/name/54429 700 1 $aDe Biasi, Rocco.$0(OLS)http://semarc/name/32586 700 1 $aRovatti, Pier Aldo,$d<1942- >.$0(OLS)http://semarc/name/4319 700 1 $aPolidori, Fabio,$d<1957- >.$0(OLS)http://semarc/name/33931 700 1 $aZoletto, Davide.$0(OLS)http://semarc/name/47843 700 1 $aMizzau, Marina.$0(OLS)http://semarc/name/28354 850 $aSeMil 852 $aSeMil$W1$xVenegono$y1$m173 4 80 *$j103141$B103141$CSeMilBibl$Z2$F112188 $81 961 $aAcquisto: Àncora (Libreria) 996 $6020$a88-6030-009-6$9(OLS)http://semarc/number/140618 996 $6245$aL'umorismo nella comunicazione umana$9(OLS)http://semarc/title/220864 996 $6260$aMilano :$bRaffaello Cortina$9(OLS)http://semarc/publisher/31196 LEADER 01169nam a2200265 4500 001 000000332920 003 CaOOAMICUS 005 20190827082357.0 008 190319s1717 fr 000 u fre r 026 $aeses sen- LAe, facr (3) 1717 (R) 040 $aSeMil$bita 245 00$a2. 250 $aNouvelle édition revûë, & corrigée 264 1$c1717. 300 $a[2], 551, [7] p. ;$c12° 500 $aMarca (monogramma dell'editore) sui front. stampati in rosso e nero 500 $aSegn.: ?²(-?2) A-Z¹² 2A?(-2A4) 650 4$aGiansenismo.$0(OLS)http://semarc/subject/2623 700 11$aLe Gros, Nicolas,$d<1675-1751>.$0(OLS)http://semarc/name/31666 773 0 $aLe Gros, Nicolas <1675-1751>$tDu renversement des libertez de l'Eglise gallicane dans l'affaire de la constitution Unigenitus, ... Premiere [-seconde partie].$d1717.$bNouvelle édition revûë, & corrigée$w()332918 850 $aSeMil 852 $aSeMil$W1$xVenegono$y1$m3X I 55 FA$j211700$B225144$CSeMilBibl$Z2$F225144 $8I 996 $6245$a2$9(OLS)http://semarc/title/46889 996 $6264$a[S.l.] :$b[s.n.]$9(OLS)http://semarc/publisher/0